[Event "Kragero Resort International 2022"]
[Site "Kragero"]
[Date "2022.02.24"]
[Round "3.21"]
[White "Bjorgvinsson, Andri Freyr"]
[Black "Stanford, Maxim Barth"]
[Result "1/2-1/2"]
[WhiteElo "2096"]
[BlackElo "2339"]
[Annotator "RC"]
[PlyCount "113"]
[EventDate "2022.02.23"]
[EventType "swiss"]
[EventCountry "NOR"]
[SourceTitle "playchess.com"]
[Source "ChessBase"]
[SourceQuality "1"]
[TimeControl "5400+30"]

1. d4 {[%emt 0:00:07]} Nf6 {[%emt 0:00:25]} 2. c4 {[%emt 0:00:38]} e6 {[%emt 0:00:11]} 3. g3 {[%emt 0:00:26]} d5 {[%emt 0:00:35]} 4. Bg2 {[%emt 0:00:15]} Be7 {[%emt 0:00:56]} 5. Nf3 {[%emt 0:00:20]} O-O {[%emt 0:00:30]} 6. O-O {[%emt 0:00:10]} Nbd7 {[%emt 0:00:33]} 7. Qc2 {[%emt 0:02:40]} c6 {[%emt 0:00:32]} 8. Nc3 {[%emt 0:03:43]} b6 {[%emt 0:01:06]} 9. e4 {[%emt 0:00:20]} dxe4 {[%emt 0:04:30]} 10. Nxe4 {[%emt 0:00:10]} Nxe4 {[%emt 0:00:35]} 11. Qxe4 {[%emt 0:00:15]} Ba6 {[%emt 0:02:01]} 12. b3 {[%emt 0:05:28]} Rc8 {[%emt 0:00:52]} 13. Bf4 {[%emt 0:08:16]} b5 {[%emt 0:03:29]} 14. Rac1 {[%emt 0:11:27]} bxc4 {[%emt 0:02:27]} 15. bxc4 {[%emt 0:00:07]} Qa5 {[%emt 0:00:39]} 16. Rc2 {[%emt 0:04:46]} Qa4 {[%emt 0:02:37]} 17. Qd3 {[%emt 0:07:44]} c5 {[%emt 0:12:04]} 18. Qb3 {[%emt 0:05:49]} Qa5 {[%emt 0:01:53]} 19. Bd2 {[%emt 0:01:53]} Qc7 {[%emt 0:01:41]} 20. Qa4 {[%emt 0:01:10]} Bb7 {[%emt 0:02:30]} 21. Bf4 {[%emt 0:03:35]} Bd6 {[%emt 0:03:03]} 22. Bxd6 {[%emt 0:01:22]} Qxd6 {[%emt 0:00:33]} 23. dxc5 {[%emt 0:09:31]} Nxc5 {[%emt 0:00:46]} 24. Qa3 {[%emt 0:02:22]} e5 {[%emt 0:08:08]} 25. Qe3 {[%emt 0:04:34]} e4 {[%emt 0:07:18]} 26. Nd4 {[%emt 0:06:42]} Qe5 {[%emt 0:00:48]} 27. Nb3 {[%emt 0:03:40]} Rfd8 {[%emt 0:04:29]} 28. Rd2 {[%emt 0:01:01]} Rxd2 {[%emt 0:01:20]} 29. Nxd2 {[%emt 0:00:06]} f5 {[%emt 0:03:52]} 30. Nb3 {[%emt 0:00:21]} Ba6 {[%emt 0:03:12]} 31. Rd1 {[%emt 0:15:02]} Bxc4 {[%emt 0:02:46]} 32. Bf1 {[%emt 0:00:57]} Be6 {[%emt 0:06:19]} 33. f4 {[%emt 0:00:53]} Qc7 {[%emt 0:01:52]} 34. Rc1 {[%emt 0:00:08]} Bxb3 {[%emt 0:00:31]} 35. axb3 {[%emt 0:00:05]} Qb6 {[%emt 0:00:24]} 36. Qd4 {[%emt 0:00:50]} a5 {[%emt 0:00:19]} 37. Bc4+ {[%emt 0:01:21]} Kh8 {[%emt 0:00:56]} 38. Kg2 {[%emt 0:00:43]} h6 {[%emt 0:10:35]} 39. h4 {[%emt 0:00:15]} Qb4 {[%emt 0:03:01]} 40. Qd5 {[%emt 0:00:27]} Rf8 {[%emt 0:01:18]} 41. Qd6 {[%emt 0:00:42]} Nd3 {[%emt 0:02:43]} 42. Qxb4 {[%emt 0:00:20]} axb4 {[%emt 0:00:57]} 43. Bxd3 {[%emt 0:00:19]} exd3 {[%emt 0:00:05]} 44. Rd1 {[%emt 0:00:20]} Rc8 {[%emt 0:00:48]} 45. Rxd3 {[%emt 0:01:05]} Rc3 {[%emt 0:00:06]} 46. Rd5 {[%emt 0:00:19]} Rxb3 {[%emt 0:02:22]} 47. Rxf5 {[%emt 0:00:04]} Kg8 {[%emt 0:00:35]} 48. Kh3 {[%emt 0:00:38]} Rb1 {[%emt 0:02:25]} 49. h5 {[%emt 0:00:38]} b3 {[%emt 0:00:34]} 50. Kg4 {[%emt 0:00:11]} b2 {[%emt 0:00:32]} 51. Rb5 {[%emt 0:00:04]} Kf7 {[%emt 0:00:09]} 52. Rb6 {[%emt 0:00:11]} Ke7 {[%emt 0:01:07]} 53. Kf5 {[%emt 0:00:46]} Rg1 {[%emt 0:00:35]} 54. Rxb2 {[%emt 0:00:04]} Rxg3 {[%emt 0:00:05]} 55. Rb7+ {[%emt 0:00:19]} Kf8 {[%emt 0:00:26]} 56. Ke6 {[%emt 0:01:39]} Re3+ {[%emt 0:01:33]} 57. Kf5 {[%emt 0:00:07]} 1/2-1/2

[Event "Kragero Resort International 2022"]
[Site "Kragero"]
[Date "2022.02.24"]
[Round "3.22"]
[White "Hirneise, Jens"]
[Black "Blokhin, Sofia"]
[Result "0-1"]
[WhiteElo "2327"]
[BlackElo "2059"]
[Annotator "RC"]
[PlyCount "102"]
[EventDate "2022.02.23"]
[EventType "swiss"]
[EventCountry "NOR"]
[SourceTitle "playchess.com"]
[Source "ChessBase"]
[SourceQuality "1"]
[TimeControl "5400+30"]

1. e4 {[%emt 0:00:02]} c5 {[%emt 0:00:05]} 2. Nf3 {[%emt 0:00:05]} e6 {[%emt 0:00:06]} 3. d4 {[%emt 0:00:06]} cxd4 {[%emt 0:00:05]} 4. Nxd4 {[%emt 0:00:07]} a6 {[%emt 0:00:05]} 5. a3 {[%emt 0:00:09]} Nf6 {[%emt 0:00:23]} 6. Nc3 {[%emt 0:01:22]} Qc7 {[%emt 0:00:24]} 7. Be2 {[%emt 0:02:36]} Nc6 {[%emt 0:01:49]} 8. f4 {[%emt 0:01:00]} d6 {[%emt 0:04:52]} 9. Be3 {[%emt 0:00:07]} Be7 {[%emt 0:02:04]} 10. g4 {[%emt 0:01:01]} Nd7 {[%emt 0:13:35]} 11. h4 {[%emt 0:10:00]} b5 {[%emt 0:04:54]} 12. Nxc6 {[%emt 0:02:04]} Qxc6 {[%emt 0:00:10]} 13. g5 {[%emt 0:01:45]} Bb7 {[%emt 0:03:55]} 14. Qd4 {[%emt 0:05:58]} e5 {[%emt 0:02:03]} 15. Qd2 {[%emt 0:00:33]} f5 {[%emt 0:06:08]} 16. Bh5+ {[%emt 0:07:50]} g6 {[%emt 0:00:22]} 17. Bf3 {[%emt 0:00:16]} exf4 {[%emt 0:05:23]} 18. Bxf4 {[%emt 0:00:50]} Nc5 {[%emt 0:02:45]} 19. O-O-O {[%emt 0:05:23]} fxe4 {[%emt 0:11:49]} 20. Bxe4 {[%emt 0:04:45]} Nxe4 {[%emt 0:02:36]} 21. Nxe4 {[%emt 0:00:08]} O-O {[%emt 0:05:54]} 22. Rhe1 {[%emt 0:03:15]} Qc4 {[%emt 0:03:43]} 23. b3 {[%emt 0:03:29]} Qf7 {[%emt 0:02:45]} 24. Nxd6 {[%emt 0:04:49]} Bxd6 {[%emt 0:05:25]} 25. Bxd6 {[%emt 0:00:07]} Rfe8 {[%emt 0:00:52]} 26. Rf1 {[%emt 0:02:49]} Qg7 {[%emt 0:04:40]} 27. Rf6 {[%emt 0:03:58]} Be4 {[%emt 0:03:02]} 28. Bb4 {[%emt 0:04:41]} Rac8 {[%emt 0:03:30]} 29. c3 {[%emt 0:06:51]} Bf5 {[%emt 0:05:34]} 30. h5 {[%emt 0:06:17]} Qc7 {[%emt 0:02:51]} 31. Qd5+ {[%emt 0:02:39]} Kh8 {[%emt 0:00:33]} 32. Qd4 {[%emt 0:00:51]} Kg8 {[%emt 0:00:21]} 33. hxg6 {[%emt 0:04:26]} hxg6 {[%emt 0:00:53]} 34. Rh1 {[%emt 0:06:02]} Re5 {[%emt 0:00:11]} 35. Kb2 {[%emt 0:02:58]} Re2+ {[%emt 0:02:12]} 36. Ka1 {[%emt 0:00:18]} Re5 {[%emt 0:01:06]} 37. Bd6 {[%emt 0:01:13]} Qc6 {[%emt 0:00:21]} 38. Rc1 {[%emt 0:03:13]} Rd5 {[%emt 0:00:23]} 39. Be5 {[%emt 0:02:47]} Qd7 {[%emt 0:01:22]} 40. Qf4 {[%emt 0:00:19]} Qe7 {[%emt 0:00:30]} 41. Bd6 {[%emt 0:00:32]} Qe2 {[%emt 0:00:16]} 42. Qh2 {[%emt 0:00:43]} Qe3 {[%emt 0:00:34]} 43. Bf4 {[%emt 0:00:37]} Qc5 {[%emt 0:00:35]} 44. Qb2 {[%emt 0:01:04]} Rcd8 {[%emt 0:00:15]} 45. Rxa6 {[%emt 0:01:58]} Rd1 {[%emt 0:00:25]} 46. a4 {[%emt 0:00:34]} Qg1 {[%emt 0:00:27]} 47. Ka2 {[%emt 0:00:48]} Rxc1 {[%emt 0:00:38]} 48. Bxc1 {[%emt 0:00:19]} bxa4 {[%emt 0:00:21]} 49. bxa4 {[%emt 0:00:27]} Be4 {[%emt 0:00:51]} 50. c4 {[%emt 0:00:27]} Qf1 {[%emt 0:00:31]} 51. Qb3 {[%emt 0:00:45]} Qxc1 {[%emt 0:00:18]} 0-1

[Event "Kragero Resort International 2022"]
[Site "Kragero"]
[Date "2022.02.24"]
[Round "3.23"]
[White "Sjoberg, Isak"]
[Black "Heidarsson, Arnar Milutin"]
[Result "1-0"]
[WhiteElo "2322"]
[BlackElo "2054"]
[Annotator "TA"]
[PlyCount "27"]
[EventDate "2022.02.23"]
[EventType "swiss"]
[EventCountry "NOR"]
[SourceTitle "playchess.com"]
[Source "ChessBase"]
[SourceQuality "1"]

{[%evp 13,27,8,23,15,136,183,167,191,191,185,377,377,358,328,465,468]} 1. e4 c5 2. Nf3 d6 3. d4 cxd4 4. Nxd4 Nf6 5. Nc3 a6 6. Bg5 Nbd7 7. Bc4 {7.Qe2 is a critical line.} e6 8. O-O {[%cal Oc4e6] Bxe6! is the strong threat. B94: Sicilian Najdorf: 6 Bg5 Nbd7.} b5 {[#]} (8... Qb6 $11 {remains equal.}) 9. Bxe6 $1 $16 {[%mdl 512] White is much more active. Black has bad knights.} fxe6 10. Nxe6 {White is clearly better.} Qb6 11. Nd5 Nxd5 (11... Qa7) 12. Qxd5 $18 {White threatens Nc7+ and mate.} Nb8 (12... Bb7 $2 {[#] is a self mate.} 13. Nc7+ $1 {[%mdl 512]} Qxc7 14. Qe6+) 13. Nxf8 {[#] Black must now prevent Ne6.} (13. Qxa8 Bxe6 14. a4 b4 $16) 13... Rxf8 $146 (13... Qb7 $142 14. Ne6 (14. Qxd6 Rxf8 15. f4 Nc6 $16) 14... Qxd5 15. exd5 Bxe6) ({Predecessor:} 13... Qc6 14. Ne6 Qxd5 15. exd5 Ra7 16. Rfe1 h6 17. Bf4 {1-0 (17) Ehlvest,J (2585)-Anastasian,A (2445) Yerevan 1988}) 14. Qxa8 {Black got outplayed after the opening.  Weighted Error Value: White=0.06 (flawless) /Black=0.70} 1-0

[Event "Kragero Resort International 2022"]
[Site "Kragero"]
[Date "2022.02.24"]
[Round "3.24"]
[White "Verbin, Valentina"]
[Black "Ingebretsen, Jens E"]
[Result "1/2-1/2"]
[WhiteElo "2046"]
[BlackElo "2316"]
[Annotator "RC"]
[PlyCount "102"]
[EventDate "2022.02.23"]
[EventType "swiss"]
[EventCountry "NOR"]
[SourceTitle "playchess.com"]
[Source "ChessBase"]
[SourceQuality "1"]
[TimeControl "5400+30"]

1. e4 {[%emt 0:00:04]} e5 {[%emt 0:03:49]} 2. Nf3 {[%emt 0:00:16]} Nc6 {[%emt 0:00:11]} 3. Bb5 {[%emt 0:00:30]} a6 {[%emt 0:00:19]} 4. Ba4 {[%emt 0:00:13]} Nf6 {[%emt 0:00:09]} 5. O-O {[%emt 0:00:30]} b5 {[%emt 0:00:51]} 6. Bb3 {[%emt 0:00:06]} Bc5 {[%emt 0:00:24]} 7. c3 {[%emt 0:00:24]} d6 {[%emt 0:00:10]} 8. d4 {[%emt 0:00:34]} Bb6 {[%emt 0:01:33]} 9. a4 {[%emt 0:03:57]} Rb8 {[%emt 0:00:20]} 10. Qd3 {[%emt 0:00:13]} O-O {[%emt 0:02:36]} 11. Bg5 {[%emt 0:00:29]} Qe7 {[%emt 0:04:02]} 12. axb5 {[%emt 0:06:46]} axb5 {[%emt 0:00:15]} 13. Bxf6 {[%emt 0:01:15]} Qxf6 {[%emt 0:00:51]} 14. Qxb5 {[%emt 0:00:09]} Bb7 {[%emt 0:23:37]} 15. Bd5 {[%emt 0:05:40]} Ne7 {[%emt 0:05:38]} 16. dxe5 {[%emt 0:09:22]} Qf4 {[%emt 0:00:24]} 17. Bxb7 {[%emt 0:00:48]} Rxb7 {[%emt 0:00:07]} 18. Qd7 {[%emt 0:02:15]} Ng6 {[%emt 0:00:33]} 19. exd6 {[%emt 0:03:12]} Qxe4 {[%emt 0:01:47]} 20. dxc7 {[%emt 0:08:36]} Bxc7 {[%emt 0:01:16]} 21. Nbd2 {[%emt 0:03:30]} Qf4 {[%emt 0:03:35]} 22. Ra4 {[%emt 0:14:48]} Qf6 {[%emt 0:02:52]} 23. Ne4 {[%emt 0:11:43]} Qxf3 {[%emt 0:04:15]} 24. gxf3 {[%emt 0:00:15]} Bxh2+ {[%emt 0:00:05]} 25. Kxh2 {[%emt 0:00:02]} Rxd7 {[%emt 0:00:07]} 26. b4 {[%emt 0:01:38]} Rd3 {[%emt 0:07:49]} 27. b5 {[%emt 0:01:52]} f5 {[%emt 0:01:42]} 28. Ng5 {[%emt 0:00:51]} Rxc3 {[%emt 0:01:00]} 29. Ra7 {[%emt 0:03:32]} h6 {[%emt 0:06:57]} 30. Ne6 {[%emt 0:00:48]} Rf7 {[%emt 0:00:26]} 31. Ra8+ {[%emt 0:13:51]} Kh7 {[%emt 0:00:45]} 32. b6 {[%emt 0:00:25]} Rb7 {[%emt 0:02:02]} 33. Rb1 {[%emt 0:02:37]} Rc6 {[%emt 0:01:07]} 34. Ra7 {[%emt 0:00:39]} Rcxb6 {[%emt 0:01:50]} 35. Rxb7 {[%emt 0:00:14]} Rxe6 {[%emt 0:00:06]} 36. Rf7 {[%emt 0:00:14]} Ne5 {[%emt 0:04:45]} 37. Rxf5 {[%emt 0:00:53]} Nd3 {[%emt 0:00:01]} 38. Rf7 {[%emt 0:02:04]} Ne5 {[%emt 0:00:37]} 39. Rf5 {[%emt 0:00:50]} Re7 {[%emt 0:01:18]} 40. Kg3 {[%emt 0:02:35]} Kg6 {[%emt 0:00:53]} 41. Rf4 {[%emt 0:00:15]} Rc7 {[%emt 0:01:30]} 42. Re4 {[%emt 0:01:23]} Nf7 {[%emt 0:00:52]} 43. Rb6+ {[%emt 0:00:30]} Kh7 {[%emt 0:00:10]} 44. f4 {[%emt 0:00:08]} Rc3+ {[%emt 0:01:26]} 45. f3 {[%emt 0:00:14]} Rc7 {[%emt 0:00:23]} 46. Reb4 {[%emt 0:00:22]} Rc2 {[%emt 0:01:11]} 47. Rd4 {[%emt 0:00:25]} Rc7 {[%emt 0:00:58]} 48. Rdb4 {[%emt 0:00:33]} Rc5 {[%emt 0:00:32]} 49. Rd4 {[%emt 0:00:35]} Rc7 {[%emt 0:00:24]} 50. Rdb4 {[%emt 0:00:21]} Rc5 {[%emt 0:01:23]} 51. Rd4 {[%emt 0:00:51]} Rc7 {[%emt 0:00:55]} 1/2-1/2

[Event "Kragero Resort International 2022"]
[Site "Kragero"]
[Date "2022.02.24"]
[Round "3.25"]
[White "Van Dael, Siem"]
[Black "Krivenko, Dion"]
[Result "1-0"]
[WhiteElo "2303"]
[BlackElo "2012"]
[Annotator "RC"]
[PlyCount "67"]
[EventDate "2022.02.23"]
[EventType "swiss"]
[EventCountry "NOR"]
[SourceTitle "playchess.com"]
[Source "ChessBase"]
[SourceQuality "1"]
[TimeControl "5400+30"]

1. e4 {[%emt 0:00:04]} c5 {[%emt 0:01:16]} 2. Nf3 {[%emt 0:00:07]} Nc6 {[%emt 0:00:06]} 3. d4 {[%emt 0:00:08]} cxd4 {[%emt 0:00:05]} 4. Nxd4 {[%emt 0:00:05]} Qb6 {[%emt 0:00:03]} 5. Nb3 {[%emt 0:00:40]} Nf6 {[%emt 0:00:16]} 6. Nc3 {[%emt 0:00:36]} e6 {[%emt 0:00:16]} 7. Bd3 {[%emt 0:03:08]} Bb4 {[%emt 0:01:34]} 8. O-O {[%emt 0:01:49]} Bxc3 {[%emt 0:02:57]} 9. bxc3 {[%emt 0:00:07]} d6 {[%emt 0:00:08]} 10. Ba3 {[%emt 0:01:58]} Qc7 {[%emt 0:16:11]} 11. Re1 {[%emt 0:10:02]} O-O {[%emt 0:09:30]} 12. e5 {[%emt 0:01:10]} dxe5 {[%emt 0:00:15]} 13. Bxf8 {[%emt 0:02:21]} Kxf8 {[%emt 0:00:04]} 14. Nc5 {[%emt 0:00:50]} b6 {[%emt 0:04:00]} 15. Ne4 {[%emt 0:00:31]} Nd5 {[%emt 0:01:35]} 16. Bb5 {[%emt 0:05:52]} Na5 {[%emt 0:04:27]} 17. c4 {[%emt 0:01:24]} Nxc4 {[%emt 0:06:29]} 18. Bxc4 {[%emt 0:00:24]} Qxc4 {[%emt 0:01:15]} 19. Qh5 {[%emt 0:00:07]} Qc7 {[%emt 0:09:47]} 20. Qxh7 {[%emt 0:00:46]} Nf6 {[%emt 0:02:30]} 21. Qh8+ {[%emt 0:04:52]} Ng8 {[%emt 0:00:09]} 22. Re3 {[%emt 0:01:23]} f6 {[%emt 0:06:11]} 23. Rg3 {[%emt 0:02:42]} Qe7 {[%emt 0:00:30]} 24. Nxf6 {[%emt 0:00:50]} Qxf6 {[%emt 0:01:17]} 25. Rf3 {[%emt 0:00:32]} Qxf3 {[%emt 0:00:09]} 26. gxf3 {[%emt 0:00:03]} Bb7 {[%emt 0:00:10]} 27. Rd1 {[%emt 0:00:20]} Bd5 {[%emt 0:01:04]} 28. c4 {[%emt 0:00:15]} Bc6 {[%emt 0:00:03]} 29. Rd6 {[%emt 0:00:29]} Rc8 {[%emt 0:00:09]} 30. Qh3 {[%emt 0:01:18]} Ne7 {[%emt 0:01:00]} 31. Qxe6 {[%emt 0:00:04]} Bxf3 {[%emt 0:00:34]} 32. Rd7 {[%emt 0:00:27]} Re8 {[%emt 0:00:03]} 33. Rxe7 {[%emt 0:00:32]} Rxe7 {[%emt 0:00:05]} 34. Qc8+ {[%emt 0:00:05]} 1-0

[Event "Kragero Resort International 2022"]
[Site "Kragero"]
[Date "2022.02.24"]
[Round "3.26"]
[White "Zadruzny, Nicolaj"]
[Black "Stangl, Anita"]
[Result "1-0"]
[WhiteElo "2280"]
[BlackElo "1991"]
[Annotator "TA"]
[PlyCount "101"]
[EventDate "2022.02.23"]
[EventType "swiss"]
[EventCountry "NOR"]
[SourceTitle "playchess.com"]
[Source "ChessBase"]
[SourceQuality "1"]

{[%evp 26,101,60,55,102,102,319,269,285,104,203,192,204,189,225,234,223,240,233,235,225,215,227,184,177,179,184,129,215,212,203,197,406,405,405,401,379,370,441,441,431,409,534,529,558,537,546,497,512,433,394,0,447,436,480,469,1391,1785,2356,2276,29962,29952,29936,10206,4622,1449,29975,29976,29976,29977,29979,29980,29980,29981,29977,29980,29984,29985]} 1. e4 e6 2. d4 d5 3. Nd2 Nf6 4. e5 Nfd7 5. Bd3 c5 6. c3 Nc6 7. Ne2 Qb6 8. Nf3 cxd4 9. cxd4 f6 10. exf6 Nxf6 11. O-O Bd6 12. Bf4 Bxf4 13. Nxf4 O-O 14. Re1 Ne4 {Prevents Qd2. C06: French Tarrasch: 3...Nf6 4 e5 Nfd7 5 Bd3 main lines.} (14... g6 $14 {was preferrable.}) 15. g3 $16 g5 $2 (15... Nf6 $16) 16. Bxe4 $18 gxf4 {[#] White has a decisive advantage.} 17. Bc2 (17. Bxh7+ $1 $18 {[%mdl 512]} Kxh7 18. Ng5+ Kh6 19. Qg4 (19. Nxe6 Rf6 $14)) 17... fxg3 (17... Qd8 $16) 18. hxg3 e5 19. Nxe5 Qxd4 {[%cal Oc6e5] [#]} 20. Bxh7+ $1 {[%mdl 512]} Kg7 (20... Kxh7 {leads to mate.} 21. Qh5+ Kg8 22. Qg6+ Kh8 23. Nf7+ Rxf7 24. Re8+) 21. Qxd4 $40 {[%mdl 128] Black is in trouble. Dancing on a razor blade.} Nxd4 {[#]} 22. Rad1 $146 ({Predecessor:} 22. Bd3 Bf5 23. Re3 Rae8 24. f4 Nc2 25. Bxc2 Bxc2 26. Rc1 d4 27. Ra3 Rc8 28. Kf2 {0-1 (37) Stepanovic,B (2020)-Jadud,O Slovakia 2001}) 22... Nc6 23. Bc2 Rd8 24. Nxc6 bxc6 25. Re7+ Kf6 26. Rc7 (26. Rh7 $18) 26... Rd6 (26... Bd7 $16) 27. Ba4 Bg4 28. Rd4 ({Much less strong is} 28. Rxc6 Rxc6 29. Bxc6 Rc8) 28... Bd7 {[#]} (28... Rc8) 29. Rxd7 $1 {[%mdl 512]} Rxd7 30. Bxc6 Rad8 31. Bxd7 Rxd7 {[%mdl 4096] Endgame KR-KR} 32. f4 Ke6 33. Kf2 Rb7 34. Rd2 Rb5 35. Re2+ Kd6 36. Ke3 Rb7 37. Kd3 Rh7 38. Ke3 $2 (38. f5 $18) 38... Rh3 $2 {[%mdl 8192]} (38... Rb7 $1 $11 39. g4 Rh7) 39. Kf3 Kc5 40. f5 {[%cal Bf4f5,Bf5f6][%mdl 32]} Kd4 (40... d4 $142 41. f6 Rh6 42. Re5+ Kd6) 41. Kg4 Rh1 42. f6 {White wants to mate with Kg5.} Rf1 43. Kg5 Kd3 44. Re8 (44. Re5 $142 Kd4 45. Rf5 Rh1 46. f7 Rh8 47. f8=Q Rxf8 48. Rxf8 Ke3 49. g4) 44... d4 45. Rd8 (45. Kg6 $142 Rg1 46. f7 Rxg3+ 47. Kh5) 45... Ke4 46. g4 {[%cal Bg3g4,Bg4g5][%mdl 32] White mates.} d3 47. Kg6 Rf4 48. g5 Ke3 49. f7 d2 50. Kg7 ({Not} 50. f8=R $2 Rxf8 51. Rxf8 d1=Q $19) 50... Rd4 51. Rxd4 {Weighted Error Value: White=0.29 (precise) /Black=0.70} 1-0

[Event "Kragero Resort International 2022"]
[Site "Kragero"]
[Date "2022.02.24"]
[Round "3.27"]
[White "Westrum, Kim Roger Hansen"]
[Black "Unneland, Mathias"]
[Result "1/2-1/2"]
[WhiteElo "1967"]
[BlackElo "2262"]
[Annotator "RC"]
[PlyCount "87"]
[EventDate "2022.02.23"]
[EventType "swiss"]
[EventCountry "NOR"]
[SourceTitle "playchess.com"]
[Source "ChessBase"]
[SourceQuality "1"]
[TimeControl "5400+30"]

1. e4 {[%emt 0:00:04]} c5 {[%emt 0:00:24]} 2. Nf3 {[%emt 0:00:11]} d6 {[%emt 0:00:42]} 3. d4 {[%emt 0:08:02]} cxd4 {[%emt 0:00:13]} 4. Nxd4 {[%emt 0:00:09]} Nf6 {[%emt 0:00:18]} 5. Nc3 {[%emt 0:00:07]} a6 {[%emt 0:01:04]} 6. Bg5 {[%emt 0:00:31]} e6 {[%emt 0:02:43]} 7. f4 {[%emt 0:00:23]} h6 {[%emt 0:01:56]} 8. Bh4 {[%emt 0:00:11]} Qb6 {[%emt 0:01:53]} 9. a3 {[%emt 0:01:00]} Be7 {[%emt 0:01:42]} 10. Qd3 {[%emt 0:02:18]} Nbd7 {[%emt 0:26:17]} 11. O-O-O {[%emt 0:00:42]} Nc5 {[%emt 0:04:45]} 12. Qe3 {[%emt 0:19:53]} Qc7 {[%emt 0:13:20]} 13. Bxf6 {[%emt 0:09:17]} gxf6 {[%emt 0:05:29]} 14. f5 {[%emt 0:00:49]} b5 {[%emt 0:07:15]} 15. Be2 {[%emt 0:01:54]} h5 {[%emt 0:03:15]} 16. h4 {[%emt 0:00:44]} Rb8 {[%emt 0:03:48]} 17. b4 {[%emt 0:11:48]} Na4 {[%emt 0:09:52]} 18. Rd3 {[%emt 0:01:58]} Nb6 {[%emt 0:01:42]} 19. Qg3 {[%emt 0:08:53]} Bf8 {[%emt 0:02:27]} 20. Ndxb5 {[%emt 0:06:25]} axb5 {[%emt 0:00:12]} 21. Nxb5 {[%emt 0:00:03]} Qb7 {[%emt 0:05:49]} 22. Nxd6+ {[%emt 0:01:09]} Bxd6 {[%emt 0:00:07]} 23. Rxd6 {[%emt 0:00:06]} Qxe4 {[%emt 0:02:48]} 24. Bb5+ {[%emt 0:17:39]} Ke7 {[%emt 0:00:20]} 25. Rxb6 {[%emt 0:00:12]} Rxb6 {[%emt 0:01:10]} 26. Qc7+ {[%emt 0:00:02]} Kf8 {[%emt 0:00:15]} 27. Qxb6 {[%emt 0:00:06]} Qxf5 {[%emt 0:00:59]} 28. Qd6+ {[%emt 0:02:53]} Kg7 {[%emt 0:00:14]} 29. Rh3 {[%emt 0:01:08]} Qxb5 {[%emt 0:00:48]} 30. Rg3+ {[%emt 0:00:38]} Kh7 {[%emt 0:00:14]} 31. Qe7 {[%emt 0:00:52]} Qe8 {[%emt 0:01:06]} 32. Qxf6 {[%emt 0:01:25]} Rg8 {[%emt 0:00:05]} 33. Rxg8 {[%emt 0:01:06]} Qxg8 {[%emt 0:00:19]} 34. a4 {[%emt 0:01:05]} Bb7 {[%emt 0:00:22]} 35. b5 {[%emt 0:00:50]} Bxg2 {[%emt 0:01:05]} 36. a5 {[%emt 0:00:19]} Bd5 {[%emt 0:00:58]} 37. a6 {[%emt 0:00:54]} Qg1+ {[%emt 0:00:18]} 38. Kb2 {[%emt 0:00:08]} Qa7 {[%emt 0:00:52]} 39. Ka3 {[%emt 0:01:51]} Qc5+ {[%emt 0:01:01]} 40. Ka4 {[%emt 0:00:48]} Qxc2+ {[%emt 0:00:15]} 41. Ka5 {[%emt 0:00:06]} Qc7+ {[%emt 0:00:13]} 42. Kb4 {[%emt 0:01:24]} Qc4+ {[%emt 0:01:35]} 43. Ka5 {[%emt 0:00:07]} Qc7+ {[%emt 0:00:49]} 44. Kb4 {[%emt 0:00:04]} 1/2-1/2

[Event "Kragero Resort International 2022"]
[Site "Kragero"]
[Date "2022.02.24"]
[Round "3.28"]
[White "Radeva, Viktoria"]
[Black "Ihlen, Sivert"]
[Result "1-0"]
[WhiteElo "2261"]
[BlackElo "1962"]
[Annotator "RC"]
[PlyCount "67"]
[EventDate "2022.02.23"]
[EventType "swiss"]
[EventCountry "NOR"]
[SourceTitle "playchess.com"]
[Source "ChessBase"]
[SourceQuality "1"]
[TimeControl "5400+30"]

1. e4 {[%emt 0:01:06]} e5 {[%emt 0:00:07]} 2. Nf3 {[%emt 0:00:06]} Nf6 {[%emt 0:00:05]} 3. Nxe5 {[%emt 0:00:15]} d6 {[%emt 0:00:07]} 4. Nf3 {[%emt 0:00:05]} Nxe4 {[%emt 0:00:04]} 5. Nc3 {[%emt 0:00:07]} Nxc3 {[%emt 0:00:05]} 6. dxc3 {[%emt 0:00:08]} Be7 {[%emt 0:00:45]} 7. Be3 {[%emt 0:00:05]} O-O {[%emt 0:00:54]} 8. Qd2 {[%emt 0:00:05]} Nd7 {[%emt 0:00:20]} 9. O-O-O {[%emt 0:01:02]} Nf6 {[%emt 0:01:20]} 10. h3 {[%emt 0:05:17]} c5 {[%emt 0:09:46]} 11. c4 {[%emt 0:17:34]} Bd7 {[%emt 0:04:44]} 12. g4 {[%emt 0:03:13]} Bc6 {[%emt 0:05:32]} 13. Bg2 {[%emt 0:01:55]} a6 {[%emt 0:10:00]} 14. Ne1 {[%emt 0:12:05]} Bxg2 {[%emt 0:07:21]} 15. Nxg2 {[%emt 0:00:05]} b5 {[%emt 0:00:25]} 16. Qe2 {[%emt 0:07:53]} Qa5 {[%emt 0:07:04]} 17. Kb1 {[%emt 0:01:57]} bxc4 {[%emt 0:03:31]} 18. Bd2 {[%emt 0:03:36]} Qc7 {[%emt 0:01:13]} 19. g5 {[%emt 0:01:18]} Nd5 {[%emt 0:05:04]} 20. Qxc4 {[%emt 0:00:32]} Nb6 {[%emt 0:00:46]} 21. Qf4 {[%emt 0:03:25]} Rab8 {[%emt 0:07:16]} 22. Ne3 {[%emt 0:03:41]} Qb7 {[%emt 0:03:05]} 23. Bc3 {[%emt 0:04:56]} Rfd8 {[%emt 0:06:48]} 24. Nf5 {[%emt 0:03:00]} d5 {[%emt 0:09:25]} 25. Rhe1 {[%emt 0:07:06]} Bf8 {[%emt 0:07:45]} 26. Nh6+ {[%emt 0:06:01]} gxh6 {[%emt 0:00:11]} 27. Qf6 {[%emt 0:00:20]} d4 {[%emt 0:00:55]} 28. gxh6 {[%emt 0:00:02]} Qg2 {[%emt 0:04:14]} 29. Rg1 {[%emt 0:00:11]} Qg6 {[%emt 0:00:04]} 30. Rxg6+ {[%emt 0:00:25]} hxg6 {[%emt 0:00:30]} 31. Ba5 {[%emt 0:01:16]} Rd6 {[%emt 0:05:07]} 32. h7+ {[%emt 0:00:07]} Kxh7 {[%emt 0:00:03]} 33. Qxf7+ {[%emt 0:00:05]} Kh8 {[%emt 0:00:36]} 34. Qa7 {[%emt 0:02:20]} 1-0